01094cam a22002774a 45000010009000000050017000090080041000260100017000670200028000840400018001120420008001300500023001380820022001611000030001832450077002132600068002903000034003585000020003925000071004126500055004836500051005388560078005899420012006679990017006799520120006961359748420060131073244.0040518s2005 njua |r 001 0 eng  a 2004011896 a0131114654 (alk. paper) aDLCcDLCdDLC apcc00aTH438.4b.B88 200500a690.0685222bBUT1 aButtelwerth, John.91233110aComputer Integrated Construction Project Scheduling /cJohn Buttelwerth. aUpper Saddle River, N.J. :bPearson/Prentice Hall, 2005cc2005. axiv, 482 p. :bill. ;c28 cm. aIncludes index. a17 folded schedules and drawings included at the back of the book. 0aBuildingxSuperintendencexData processing.912332 0aProduction schedulingxData processing.912333413Table of contentsuhttp://www.loc.gov/catdir/toc/ecip0418/2004011896.html 2ddccBB c13602d13602 00102ddc40708BaccahaMAINbMAINc1STd2010-03-07epurchasel0o690.0685 BUTp000020059r2025-07-15 00:00:00yBB